LEADER 01284cas--2200373---450- 001 990000393140203316 005 20151030122000.0 011 $a1126-5779 035 $a0039314 035 $aUSA010039314 035 $a(ALEPH)000039314USA01 035 $a0039314 100 $a20010405d1990----|||y0itay0103----ba 101 0 $aita 110 $a||||||||001yy 200 1 $aAnalisi e diritto$ericerche di giurisprudenza analitica$fa cura di Paolo Comanducci e Riccardo Guastini 207 $a1990- 210 $aTorino$cG. Giappichelli$d1990- 215 $avolumi$d23 cm 300 $aIl complemento del titolo varia 606 $aDiritto$xStudi 676 $a340 912 $a990000393140203316 958 $aGIU$bFondo$c1994-1998; 2000-2007;$i4994/GIU; 21807-21808/GIU; 18358/GIU; 23533/GIU; 30639/GIU; 34437/GIU; 41841/GIU; 55126/GIU; 51401/GIU; 55045/GIU; 60890/GIU 959 $aBK 979 $aPATTY$b90$c20010405$lUSA01$h1413 979 $aPATTY$b90$c20010405$lUSA01$h1415 979 $c20020403$lUSA01$h1647 979 $aPATRY$b90$c20040406$lUSA01$h1627 979 $aRSIAV2$b90$c20090527$lUSA01$h1107 979 $aVITTORIANA$b90$c20151029$lUSA01$h1202 979 $aVITTORIANA$b90$c20151030$lUSA01$h1220 996 $aAnalisi e diritto$963832 997 $aUNISA LEADER 00694cam 22002653 450 001 9910804880603321 005 20240221151351.0 010 $a9781474214711 035 $aOCoLC904036780 100 $a20240221d2016----kmuy0itay5050 ba 101 0 $aeng 102 $aGB 105 $a 001yy 200 1 $aMarius$fFederico Santangelo 210 $aLondon$cBloomsbury Academic$d2016 215 $aXI, 124 p.$d22 cm 225 1 $aAncients in action 700 1$aSantangelo,$bFederico$0505701 801 0$aIT$bUNINA$gRICA$2UNIMARC 901 $aBK 912 $a9910804880603321 952 $a937.05 SANF 02$b2024/1147$fFLFBC 959 $aFLFBC 996 $aMarius$93909258 997 $aUNINA